Mots cachés Pokémon 8G - Statistiques

Statistiques générales
  • Ce quiz a été pris 19 fois
  • Le résultat moyen est 9 sur 20
Statistiques - réponses
Mot caché Réponse % Correct
bbchiitu Bibichut
100%
acemoory Corayôme
100%
aadjnu Dunaja
100%
adglnoruu Duralugon
100%
aaaggllv Galvagla
100%
giloopuu Goupilou
100%
aeegillprstt Grillepattes
100%
aadghlry Hydragla
100%
inox Ixon
100%
cehkkloor Khélocrok
100%
aegiimnns Minisange
100%
gginoorru Rongrigou
100%
aaelnrss Salarsen
100%
ccdeelnoors Scolocendre
100%
aioptxz Toxizap
100%
emoprv Verpom
100%
aegimnow Wagomine
100%
aaikpttw Wattapik
100%
eiimrssw Wimessir
100%
aacinz Zacian
100%
achillmry Charmilly
80%
cemry Crèmy
75%
aaacdhhjpry Pachyradjah
75%
looottuuv Voltoutou
75%
aemnosuv Amovénus
67%
adghnory Hydragon
67%
akkors Krakos
67%
aaadlrrv Larvadar
67%
flmmnooouu Moumouflon
67%
iiklpqw Qwilpik
67%
elorsvyy Sylveroy
67%
eeegiiklr Regieleki
60%
aabbdinou Badabouin
50%
aabcegklno Bekaglaçon
50%
abeekrrstt Berserkatt
50%
abchir Charbi
50%
cdeelmooo Coléodôme
50%
acillorsuv Corvaillus
50%
aacddnnou Dunaconda
50%
adehnorx Hexadron
50%
alopry Lapyro
50%
aeeglmqttu M. Glaquette
50%
mmnoootuu Moumouton
50%
cceeilnors Sorcilence
50%
aderuz Zarude
50%
aaacdhstu Hastacuda
40%
adimoppr Pomdrapi
40%
abeillvzz Blizzeval
33%
adlmno Dolman
33%
aagglnov Galvagon
33%
agiilmnr Grimalin
33%
egiinors Nigosier
33%
afloppu Poulpaf
33%
fhiorssu Shifours
33%
adgmoorrt Torgamord
33%
horssuuw Wushours
33%
abclnnoot Blancoton
25%
achopstu Chapotus
25%
aabchiirr Charibari
25%
aeehnorstt Éthernatos
25%
aeffrrux Farfurex
25%
abdelnorru Roublenard
25%
cinnooorttu Tournicoton
25%
aaghilnot Angoliath
20%
bceillnry Cerbyllin
20%
aadorrrz Arrozard
0%
aeellnorst Astronelle
0%
bdeeeegiln Beldeneige
0%
beeeilllsu Bleuseille
0%
adeiilpprst Dispareptil
0%
aadinrtt Dratatin
0%
bceehmort Embrochet
0%
afmnrty Fantyrm
0%
abfilmno Flambino
0%
befilnoru Fourbelin
0%
efiillnorss Frissonille
0%
dfgglouu Fulgudog
0%
cghimorty Gorythmic
0%
aacceehhrtu Hachécateur
0%
aeilnnorss Lanssorien
0%
aeellmnor Larméléon
0%
aeglrsuz Lézargus
0%
acehimnortt Monthracite
0%
ekmoopr Morpeko
0%
eimoopstu Ouistempo
0%
aachiloprt Palarticho
0%
aaeglprru Paragruel
0%
eeghilopstt Polthégeist
0%
boprtuy Pyrobut
0%
adeggiorr Regidrago
0%
adgmnnoorru Rongourmand
0%
aceelprstv Spectreval
0%
effhiort Théffroi
0%
eeikrtttu Tutétékri
0%
agiknrsu Ursaking
0%
aaaemntzz Zamazenta
0%
Aucun quiz correspondant
Distribution des résultats
% des personnes avec chaque résultat
Percentile par nombre de réponses
Votre historique - résultats
Vous n’avez pas pris ce quiz